00534nam a2200169Ia 4500003000900000008004100009020002200050040001600072080001300088100001900101245015200120260002700272300002300299650001400322650001100336700001700347IN-BaIIA211028s9999 xx 000 0 eng d a978-0-534-36581-3 cIIA Library a531bMAT aMathew, George 0aSocratic physicsbvol. I, a workbook approach to concepts of mechanicscGeorge Mathew and N. N. Mathew  aUSAbBrooks-Colec1999 a[various pagings.] aMechanics aMotion aMathew, N. N